000 00438nam a2200169Ia 4500
008 240729s9999 xx 000 0 und d
022 _a2035-8164
245 0 _aOrthopedic Reviews
260 _aUnited States
260 _bOpen Medical Publishing
650 _a Orthopedic surgery
650 _a Surgery
650 _aMedicine
856 _uhttps://doaj.org/toc/a565528ff19b4861a153ed95ee97466a
942 _2ddc
942 _cDOAJEJ
999 _c70745
_d70745
945 _a1
_bMadushi Gamage
_c1
_dMadushi Gamage